| 000 | 00000nas 2200000za 4500 |
| 001 | 9.505557 |
| 003 | CaOODSP |
| 005 | 20240111102226 |
| 007 | cr ||||||||||| |
| 008 | 150406c20049999oncbr p o f0 a0eng|d |
| 022 | |a1916-4009 |
| 040 | |aCaOODSP|beng |
| 043 | |an-cn--- |
| 086 | 1 |aJS83-4E-PDF |
| 130 | 0 |aResearch summary (Canada. Public Safety Canada : Online) |
| 222 | 0|aResearch summary |b(Canada. Public Safety Canada. Online) |
| 245 | 10|aResearch summary |h[electronic resource]. |
| 260 | 3 |aOttawa : |bPublic Safety Canada, |c2004- |
| 310 | |aBimonthly |
| 362 | 1 |aBegan with : vol. 9, no. 1 (January 2004). |
| 500 | |aEach issue has a distinctive title. |
| 500 | |aIssued also in French under title: Recherche en bref. |
| 520 | 3 |aSummarizes the results of recent corrections research using an easy-to-understand, question-and-answer format. Each report focuses on one piece of research and on answering one question. Includes a contact for more information. |
| 690 | 07|aCorrectional institutions|2gcpds |
| 690 | 07|aResearch and development|2gcpds |
| 690 | 07|aTherapy|2gcpds |
| 710 | 1 |aCanada. |bPublic Safety Canada. |
| 775 | 08|tRecherche en bref |w(CaOODSP)9.501956 |
| 776 | 0#|tResearch summary |w(CaOODSP)9.508538 |
| 780 | 00|tResearch summary |w(CaOODSP)9.808542 |